000 00337 a2200157 4500
001 176080
020 _a
040 _cMagnum
100 _aMoraes, Antonio Carlos Robert
240 1 0 _aA fazenda de cafe
_lpor
245 1 0 _aA fazenda de cafe
362 0 _a1899
440 1 _aÁtica
697 _aMAGNITO: PARADIDATICO
942 _cBK
999 _c176080
_d176080